Secondary education in Latin America and the Caribbean: the challenge of growth and reform

Đã lưu trong:
Chi tiết về thư mục
Những tác giả chính: Wolff, Laurence (Tác giả), Castro, Claudio de Moura (Tác giả)
Định dạng: Sách
Ngôn ngữ:Tiếng Anh
Được phát hành: Washington, D.C Inter-American Development Bank 2000
Loạt:Sustainable Development Department Technical Papers Series
Những chủ đề:
Các nhãn: Thêm thẻ
Không có thẻ, Là người đầu tiên thẻ bản ghi này!

MARC

LEADER 00000nam a2200000 a 4500
001 UCN7811
003 CL-VaPUC
008 011026e20000000US |||||||||||||||||eng|d
082 0 4 |a 373  |b WOL  |2 21 
100 0 |a Wolff, Laurence  |e author  |9 463932 
700 0 |a Castro, Claudio de Moura  |e author  |9 463933 
245 1 0 |a Secondary education in Latin America and the Caribbean: the challenge of growth and reform 
300 |a 50 p 
942 |c BK 
945 |d 20011026 00:00:00  |a cmena 
260 |a Washington, D.C  |b Inter-American Development Bank  |c 2000 
650 0 |a Estado y educación   |9 311264 
650 0 |a Calidad de la educación   |9 307271 
650 0 |a Métodos de enseñanza  |9 270413 
650 0 |a Reforma educacional   |9 256319 
651 0 |a América Latina   |9 255027 
651 7 |a ISLAS CARIBES  |2 CL-VaPUC  |9 255533 
583 |a last modification  |c 20011026 00:00:00  |k Rodrigo Vera 
490 0 |a Sustainable Development Department Technical Papers Series 
999 |c 298010  |d 298008 
952 |0 0  |1 0  |4 0  |6 373_000000000000000_WOL_2000  |7 0  |8 P  |9 353124  |a BIBEDU  |b BIBEDU  |c BIBEDU_PB  |d 2019-11-21  |i 3758176  |o 373 WOL 2000  |p 3758176  |r 2024-01-25  |w 2019-11-21  |y BK  |k BME